000
00214nam a2200097Ia 4500
008
240331s9999 xx 000 0 und d
082
_a
303.3
_b
TEC
100
_a
Marx,A. ed
245
0
_a
Tecium oru katpitam
942
_c
L
999
_c
1244
_d
1244